[Event "83rd ch-UKR 2014"]
[Site "Lviv UKR"]
[Date "2014.11.20"]
[Round "9.1"]
[White "Ponomariov, Ruslan"]
[Black "Moiseenko, Alexander"]
[Result "1/2-1/2"]
[WhiteTitle "GM"]
[BlackTitle "GM"]
[WhiteElo "2711"]
[BlackElo "2701"]
[WhiteFideId "14103320"]
[BlackFideId "14102560"]
[EventDate "2014.11.11"]

1. d4 Nf6 2. c4 e6 3. Nc3 Bb4 4. Qc2 d5 5. a3 Bxc3+ 6. Qxc3 Ne4 7. Qc2 c5 8.
dxc5 Nc6 9. Nf3 Qa5+ 10. Bd2 Nxd2 11. Nxd2 Qxc5 12. e3 d4 13. b4 Qe7 14. Be2
dxe3 15. fxe3 O-O 16. O-O b6 17. c5 bxc5 18. Ne4 Bb7 19. Qxc5 Rad8 20. Rfd1 Ba8
21. Rac1 Qb7 22. Bf3 Rxd1+ 23. Rxd1 Qb8 24. Ng5 Rc8 25. Qc2 g6 26. Qf2 Ne5 27.
Bxa8 Qxa8 28. Qf4 Qb8 29. Ne4 Nc4 30. Qh4 Qe5 31. Nf6+ Kg7 32. Ng4 Qc3 33. Qh6+
Kh8 34. h3 Ne5 1/2-1/2

[Event "83rd ch-UKR 2014"]
[Site "Lviv UKR"]
[Date "2014.11.20"]
[Round "9.2"]
[White "Kuzubov, Yuriy"]
[Black "Ivanchuk, Vassily"]
[Result "1/2-1/2"]
[WhiteTitle "GM"]
[BlackTitle "GM"]
[WhiteElo "2661"]
[BlackElo "2726"]
[WhiteFideId "14112906"]
[BlackFideId "14100010"]
[EventDate "2014.11.11"]

1. e4 e5 2. Nf3 Nc6 3. Bb5 a6 4. Bxc6 dxc6 5. O-O Qe7 6. d4 exd4 7. Qxd4 Bg4 8.
Ne5 Bh5 9. Nd3 Be2 10. Re1 Rd8 11. Qc3 Bxd3 12. cxd3 Nf6 13. d4 Qb4 14. Be3 Ng4
15. Bd2 Qxd4 16. Qg3 Qd7 17. h3 Nf6 18. Ba5 Be7 19. Bxc7 Rc8 20. Ba5 O-O 21. Nc3
Qe6 22. Rad1 Rfe8 23. e5 Nd7 24. Qg4 Nf8 25. Qxe6 Nxe6 26. Ne4 b6 27. Bc3 Red8 1/2-1/2

[Event "83rd ch-UKR 2014"]
[Site "Lviv UKR"]
[Date "2014.11.20"]
[Round "9.3"]
[White "Kryvoruchko, Yuriy"]
[Black "Eljanov, Pavel"]
[Result "0-1"]
[WhiteTitle "GM"]
[BlackTitle "GM"]
[WhiteElo "2706"]
[BlackElo "2719"]
[WhiteFideId "14109182"]
[BlackFideId "14102951"]
[EventDate "2014.11.11"]

1. e4 c6 2. d4 d5 3. e5 Bf5 4. Nf3 e6 5. Be2 Ne7 6. c3 h6 7. Nbd2 Nd7 8. O-O Qc7
9. Re1 a5 10. a4 Bg6 11. Nf1 c5 12. Bb5 Nc6 13. c4 Nb6 14. cxd5 Nxd5 15. Ne3
O-O-O 16. Nc4 Ndb4 17. Bf4 Nxd4 18. Nd6+ Rxd6 19. exd6 Bxd6 20. Bxd6 Qxd6 21.
Ne5 Nbc2 22. Rc1 Nxe1 23. Qxe1 Qc7 24. Bd3 Bxd3 25. Nxd3 b6 26. b4 axb4 27. a5
Nb3 28. axb6 Qxb6 29. Rb1 c4 30. Ne5 Rd8 31. Nxc4 Qc5 32. Ne3 Rd3 33. h3 Rc3 34.
Qe2 Rc1+ 35. Rxc1 Nxc1 36. Qf3 b3 37. Qxf7 Ne2+ 38. Kf1 Nd4 39. Qg8+ Kb7 40.
Qxg7+ Ka6 41. Nd1 b2 0-1

[Event "83rd ch-UKR 2014"]
[Site "Lviv UKR"]
[Date "2014.11.20"]
[Round "9.4"]
[White "Bogdanovich, Stanislav"]
[Black "Zubarev, Alexander1"]
[Result "0-1"]
[WhiteTitle "IM"]
[BlackTitle "GM"]
[WhiteElo "2590"]
[BlackElo "2588"]
[WhiteFideId "14115298"]
[BlackFideId "14104385"]
[EventDate "2014.11.11"]

1. e4 d6 2. d4 Nf6 3. Nc3 e5 4. Nf3 Nbd7 5. g3 c6 6. Bg2 b5 7. a3 Be7 8. Nh4 g6
9. Bh6 Qb6 10. dxe5 dxe5 11. O-O a5 12. h3 Ba6 13. Qf3 b4 14. Na4 Qc7 15. Rfd1
c5 16. b3 Bb7 17. Qe3 Bf8 18. Bxf8 Kxf8 19. axb4 cxb4 20. c3 Ra6 21. cxb4 axb4
22. Rac1 Rc6 23. Kh2 h6 24. Qd2 Kg7 25. Rxc6 Bxc6 26. Qxb4 Rb8 27. Qc4 Qb7 28.
Nc3 Rc8 29. Rd3 Qb8 30. Re3 Bxe4 31. Qb5 Bxg2 32. Nxg2 Qxb5 33. Nxb5 Rc2 34. Kg1
Rb2 35. Na3 e4 36. Nc4 Rb1+ 37. Ne1 Nc5 38. Nd2 Rd1 39. Nf1 Rb1 40. Nd2 Rd1 41.
Nf1 Nd5 42. Re2 f5 43. Rd2 Rxe1 44. Rxd5 Nd3 45. h4 h5 46. b4 Nxb4 47. Rd2 Nd3
48. Kg2 Ra1 49. Ne3 Kf6 50. Kh2 Ke5 51. Rc2 f4 52. Nc4+ Kd4 53. gxf4 Nxf2 54.
Ne5 Ng4+ 55. Nxg4 hxg4 56. Kg3 e3 0-1

[Event "83rd ch-UKR 2014"]
[Site "Lviv UKR"]
[Date "2014.11.20"]
[Round "9.5"]
[White "Areshchenko, Alexander"]
[Black "Kovchan, Alexander"]
[Result "1-0"]
[WhiteTitle "GM"]
[BlackTitle "GM"]
[WhiteElo "2655"]
[BlackElo "2585"]
[WhiteFideId "14109530"]
[BlackFideId "14103052"]
[EventDate "2014.11.11"]

1. e4 d5 2. exd5 Qxd5 3. Nc3 Qd6 4. d4 g6 5. Nf3 Bg7 6. Nb5 Qb6 7. c4 c6 8. c5
Qd8 9. Nc3 Nh6 10. Bc4 O-O 11. h3 Nf5 12. Ne2 e5 13. Bg5 Qa5+ 14. Bd2 Qd8 15.
dxe5 Nh4 16. Nxh4 Qxh4 17. Bf4 Bxe5 18. Bxe5 Qxc4 19. O-O Re8 20. Bc3 Qxc5 21.
Re1 Na6 22. Ng3 Bf5 23. Qd2 f6 24. Bxf6 Nc7 25. b4 Qf8 26. Bb2 Ne6 27. Nxf5 gxf5
28. Re3 Rad8 29. Qc3 Ng7 30. Rg3 Re7 31. Re1 Rdd7 32. Qc4+ Kh8 33. Rxe7 Rxe7 34.
Qf4 Rf7 35. Kh2 Kg8 36. a4 Qd8 37. Qe5 Qe7 38. Qb8+ Qf8 39. Qf4 Qe7 40. a5 Qc7
41. Qh6 Qd7 42. Be5 Kh8 43. Qf4 Kg8 44. Qc4 Qd5 45. Qc3 Qd7 46. Qe3 Qe7 47. Qd4
h6 48. Qf4 Kh7 49. Bxg7 Rxg7 50. Qxf5+ Kh8 51. Rd3 Qc7+ 52. Kg1 Qe7 53. Re3 Qf7
54. Qe4 Qg8 55. Rd3 Qf8 56. Rd4 Qf6 57. Qd3 Re7 58. g3 Rf7 59. Qd2 Kh7 60. Rd6
Qg5 61. Qd3+ Kg7 62. Kg2 a6 63. Qd4+ Kh7 64. Qe4+ Kg7 65. f4 Qh5 66. g4 Qh4 67.
Qd4+ Kg8 68. Rd8+ Rf8 69. Rd7 Qf6 70. Qxf6 Rxf6 71. f5 c5 72. bxc5 Rc6 73. Rxb7
Rxc5 74. Rb6 Rxa5 75. Rxh6 Ra3 76. Rb6 a5 77. g5 a4 78. f6 Rb3 79. Ra6 Rb5 80.
h4 Rb4 81. Kg3 Kf7 82. Ra7+ Kg6 83. Rg7+ Kh5 84. f7 Rb3+ 85. Kf2 Rb2+ 86. Ke3
Rb3+ 87. Ke4 Rb4+ 88. Kf5 Rb5+ 89. Ke6 Rb6+ 90. Kd7 Rb7+ 91. Kc8 Ra7 92. Kb8 a3
93. f8=Q 1-0

[Event "83rd ch-UKR 2014"]
[Site "Lviv UKR"]
[Date "2014.11.20"]
[Round "9.6"]
[White "Korobov, Anton"]
[Black "Zubov, Alexander"]
[Result "1/2-1/2"]
[WhiteTitle "GM"]
[BlackTitle "GM"]
[WhiteElo "2680"]
[BlackElo "2588"]
[WhiteFideId "14105730"]
[BlackFideId "14109409"]
[EventDate "2014.11.11"]

1. d4 Nf6 2. c4 e6 3. Nc3 d5 4. Bg5 Be7 5. e3 h6 6. Bh4 O-O 7. Rc1 dxc4 8. Bxc4
c5 9. dxc5 Qxd1+ 10. Rxd1 Bxc5 11. Nf3 b6 12. O-O Bb7 13. Ne5 Rc8 14. Be2 Be7
15. Rd2 Nc6 16. Bf3 Na5 17. Bxb7 Nxb7 18. Rfd1 Na5 19. f3 Bb4 20. e4 Bxc3 21.
bxc3 Nc4 22. Nxc4 Rxc4 23. Be1 Kf8 24. Rd4 Rac8 25. Kf1 e5 26. Rxc4 1/2-1/2

[Event "83rd ch-UKR 2014"]
[Site "Lviv UKR"]
[Date "2014.11.21"]
[Round "10.1"]
[White "Zubarev, Alexander1"]
[Black "Kuzubov, Yuriy"]
[Result "1-0"]
[WhiteTitle "GM"]
[BlackTitle "GM"]
[WhiteElo "2588"]
[BlackElo "2661"]
[WhiteFideId "14104385"]
[BlackFideId "14112906"]
[EventDate "2014.11.11"]

1. e4 c5 2. Nf3 d6 3. Bb5+ Nc6 4. O-O Bd7 5. Re1 Nf6 6. c3 a6 7. Bf1 Bg4 8. h3
Bxf3 9. Qxf3 g6 10. d3 Bg7 11. Be3 O-O 12. Qd1 Nd7 13. Nd2 b5 14. Nf3 Nb6 15. d4
cxd4 16. cxd4 Rc8 17. b3 Nb4 18. Rc1 Nxa2 19. Rxc8 Qxc8 20. Qa1 Nc3 21. Qa5 Na8
22. Bd2 b4 23. Qxb4 Nb5 24. Bxb5 axb5 25. Qxb5 Nc7 26. Qc4 Ne6 27. Rc1 Qxc4 28.
Rxc4 f5 29. exf5 Rxf5 30. Rb4 Kf7 31. Kf1 g5 32. Ke2 h5 33. g4 hxg4 34. hxg4 Ra5
35. Kd3 Bf6 36. Ra4 Rb5 37. Kc4 Rb8 38. b4 Rc8+ 39. Kd3 Kg6 40. Ra5 Rb8 41. Ra7
d5 42. Rd7 Rb5 43. Kc3 Kf7 44. Be3 Ke8 45. Ra7 Rb8 46. Kb3 Nd8 47. Ra6 Kd7 48.
Ka4 Nf7 49. Nd2 Nd6 50. Nb3 Nb5 51. Nc5+ Ke8 52. Ne6 Nc3+ 53. Kb3 Nb5 54. Ra5
Kf7 55. Nd8+ Kg6 56. Nc6 Rb7 57. Rxb5 Rxb5 58. Ka4 Rb7 59. b5 e6 60. Ka5 Rc7 61.
Bd2 Kf7 62. Kb6 Rd7 63. Ka6 Ke8 64. b6 Rd6 65. b7 Rxc6+ 66. Kb5 Kd7 67. b8=N+ 1-0

[Event "83rd ch-UKR 2014"]
[Site "Lviv UKR"]
[Date "2014.11.21"]
[Round "10.2"]
[White "Moiseenko, Alexander"]
[Black "Eljanov, Pavel"]
[Result "1/2-1/2"]
[WhiteTitle "GM"]
[BlackTitle "GM"]
[WhiteElo "2701"]
[BlackElo "2719"]
[WhiteFideId "14102560"]
[BlackFideId "14102951"]
[EventDate "2014.11.11"]

1. d4 d5 2. c4 c6 3. Nc3 Nf6 4. Nf3 e6 5. Bg5 h6 6. Bxf6 Qxf6 7. Qb3 dxc4 8.
Qxc4 Nd7 9. Rd1 g6 10. e4 e5 11. d5 Nb6 12. Qb3 Bc5 13. Be2 O-O 14. O-O Bg4 15.
dxc6 bxc6 16. h3 Bxf3 17. Bxf3 h5 18. Ne2 Rfd8 19. Qc2 Qe7 20. Rc1 Nd7 21. g3 h4
22. Kg2 Bb6 23. Qxc6 Nc5 24. Rcd1 Rac8 25. Qb5 Qg5 26. Bg4 Rb8 27. Nc3 hxg3 28.
fxg3 Rxd1 29. Rxd1 f5 30. Qc4+ Kh8 31. b4 fxg4 32. hxg4 Nd3 33. Rh1+ Kg7 34.
Qxd3 Bd4 35. Nb5 Rxb5 36. Qxb5 Qd2+ 37. Kh3 Qh6+ 38. Kg2 Qd2+ 1/2-1/2

[Event "83rd ch-UKR 2014"]
[Site "Lviv UKR"]
[Date "2014.11.21"]
[Round "10.3"]
[White "Ponomariov, Ruslan"]
[Black "Bogdanovich, Stanislav"]
[Result "1-0"]
[WhiteTitle "GM"]
[BlackTitle "IM"]
[WhiteElo "2711"]
[BlackElo "2590"]
[WhiteFideId "14103320"]
[BlackFideId "14115298"]
[EventDate "2014.11.11"]

1. d4 d5 2. c4 e6 3. Nc3 Nf6 4. cxd5 exd5 5. Bg5 c6 6. Qc2 Be7 7. e3 Nbd7 8. Bd3
h6 9. Bf4 Nh5 10. Nf3 Nxf4 11. exf4 Nf6 12. h3 Qd6 13. Ne5 Qb4 14. O-O-O Qxd4
15. Ng6 Rg8 16. Rhe1 Be6 17. Bf5 1-0

[Event "83rd ch-UKR 2014"]
[Site "Lviv UKR"]
[Date "2014.11.21"]
[Round "10.4"]
[White "Zubov, Alexander"]
[Black "Kryvoruchko, Yuriy"]
[Result "1-0"]
[WhiteTitle "GM"]
[BlackTitle "GM"]
[WhiteElo "2588"]
[BlackElo "2706"]
[WhiteFideId "14109409"]
[BlackFideId "14109182"]
[EventDate "2014.11.11"]

1. d4 Nf6 2. c4 e6 3. Nf3 b6 4. g3 Ba6 5. b3 Bb4+ 6. Bd2 Be7 7. Bg2 d5 8. cxd5
exd5 9. O-O O-O 10. Nc3 Re8 11. Qc2 c5 12. dxc5 bxc5 13. Ne5 Bd6 14. Nc4 Nc6 15.
Nxd6 Qxd6 16. Rfe1 h6 17. Bf4 Qe6 18. Qd2 Rad8 19. Na4 Ne4 20. Bxe4 dxe4 21.
Nxc5 Qh3 22. Qe3 Bxe2 23. Rxe2 Nd4 24. Nxe4 f5 25. Nf6+ gxf6 26. Qxd4 Rxd4 27.
Rxe8+ Kf7 28. Rae1 Re4 29. R1xe4 fxe4 30. Rxe4 Qg4 31. Rd4 h5 32. h4 a6 33. Be3
Qe2 34. Ra4 f5 35. Kg2 Ke6 36. Ra5 Qd3 37. Ra4 Qe2 38. Ra5 Qd3 39. Kh2 Qe2 40.
Ra4 Kf7 41. Ra5 Ke6 42. a4 Qd3 43. b4 Qc4 44. b5 axb5 45. axb5 Qb4 46. Ra6+ Kd5
47. b6 Ke4 48. Kg2 Kd3 49. Ra2 Qb5 50. Rd2+ Ke4 51. Bf4 Qb3 52. Re2+ Kd5 53.
Re5+ Kc4 54. Rxf5 Qxb6 55. Rxh5 Qb7+ 56. f3 Qb2+ 57. Kh3 Qb7 58. Kg4 Kd3 59. Be5
Qb4+ 60. f4 Qc4 61. Rg5 Ke4 62. Kh5 Qf7+ 63. Kh6 Qf8+ 64. Bg7 Qd6+ 65. Kh7 Kf3
66. f5 1-0

[Event "83rd ch-UKR 2014"]
[Site "Lviv UKR"]
[Date "2014.11.21"]
[Round "10.5"]
[White "Ivanchuk, Vassily"]
[Black "Areshchenko, Alexander"]
[Result "1/2-1/2"]
[WhiteTitle "GM"]
[BlackTitle "GM"]
[WhiteElo "2726"]
[BlackElo "2655"]
[WhiteFideId "14100010"]
[BlackFideId "14109530"]
[EventDate "2014.11.11"]

1. d4 Nf6 2. Bg5 Ne4 3. Bh4 c5 4. Nd2 Nxd2 5. Qxd2 cxd4 6. Nf3 Nc6 7. Nxd4 Qb6
8. O-O-O Nxd4 9. Qxd4 Qxd4 10. Rxd4 e5 11. Rd3 d6 12. e3 Be7 13. Bxe7 Kxe7 14.
Rc3 Rd8 15. Bb5 Bd7 16. Rc7 Rab8 17. Rd1 a6 18. Ba4 b5 19. Bb3 Rbc8 20. Rb7 Rb8
21. Ra7 Ra8 22. Rb7 1/2-1/2

[Event "83rd ch-UKR 2014"]
[Site "Lviv UKR"]
[Date "2014.11.21"]
[Round "10.6"]
[White "Kovchan, Alexander"]
[Black "Korobov, Anton"]
[Result "0-1"]
[WhiteTitle "GM"]
[BlackTitle "GM"]
[WhiteElo "2585"]
[BlackElo "2680"]
[WhiteFideId "14103052"]
[BlackFideId "14105730"]
[EventDate "2014.11.11"]

1. e4 c5 2. Nf3 d6 3. d4 cxd4 4. Nxd4 Nf6 5. Nc3 a6 6. Be2 e5 7. Nb3 Be7 8. O-O
O-O 9. Be3 Be6 10. Qd2 Nbd7 11. a4 Rc8 12. a5 Qc7 13. Rfd1 Rfe8 14. Qe1 Qc6 15.
Bf3 h6 16. Nc1 Qc7 17. h3 Nf8 18. Nd3 Ng6 19. Nb4 Qd7 20. Na4 Bd8 21. Nc5 Qe7
22. Nxe6 fxe6 23. g3 Rf8 24. b3 Bc7 25. c4 Nh7 26. Bg4 Nf6 27. Bf3 Bb8 28. Bg2
h5 29. Nd3 h4 30. Qe2 Qf7 31. Ra4 hxg3 32. fxg3 Ne7 33. Nb4 Qg6 34. Bf2 Rf7 35.
Ra2 Rcf8 36. Rf1 d5 37. exd5 exd5 38. g4 e4 39. Bc5 Qg5 40. Be3 Qe5 41. Bf4 Ba7+
42. Kh1 Qc3 43. Bd6 d4 44. g5 d3 45. Qe1 Ng4 0-1

[Event "83rd ch-UKR 2014"]
[Site "Lviv UKR"]
[Date "2014.11.22"]
[Round "11.1"]
[White "Eljanov, Pavel"]
[Black "Zubov, Alexander"]
[Result "1-0"]
[WhiteTitle "GM"]
[BlackTitle "GM"]
[WhiteElo "2719"]
[BlackElo "2588"]
[WhiteFideId "14102951"]
[BlackFideId "14109409"]
[EventDate "2014.11.11"]

1. c4 e6 2. Nc3 d5 3. d4 Nf6 4. cxd5 exd5 5. Bg5 c6 6. Qc2 Be7 7. e3 Nbd7 8. Bd3
Nh5 9. Bxe7 Qxe7 10. Nge2 g6 11. O-O O-O 12. Rae1 Ndf6 13. Nc1 Ng7 14. f3 c5 15.
dxc5 Qxc5 16. Nb3 Qb6 17. Nd4 Bd7 18. Qb3 Qxb3 19. Nxb3 Rac8 20. Kf2 h5 21. Rd1
Rfd8 22. Rd2 Kf8 23. Rfd1 Ke7 24. Bb1 Bc6 25. Nd4 Nge8 26. a3 Nd6 27. Ba2 Nde8
28. h4 Nc7 29. e4 Rd7 30. e5 Nh7 31. b4 Rdd8 32. b5 Be8 33. a4 Nf8 34. Nde2 Nfe6
35. Bxd5 Nxd5 36. Nxd5+ Kf8 37. Ndf4 Rxd2 38. Nxe6+ Ke7 39. Rxd2 Kxe6 40. f4 Ke7
41. f5 a6 42. Nf4 gxf5 43. bxa6 bxa6 44. a5 Rc4 45. g3 Ra4 46. Nd5+ Kf8 47. Nf6
Bb5 48. Nxh5 Rxa5 49. Nf6 Kg7 50. Ke3 Kg6 51. Rd8 Ra3+ 52. Kd2 Ra2+ 53. Kc3 Ra3+
54. Kb4 Re3 55. h5+ Kg5 56. Rg8+ Kh6 57. Rh8+ Kg7 58. Rg8+ Kh6 59. Rh8+ Kg7 60.
Rh7+ Kf8 61. h6 Rxe5 62. Rh8+ Ke7 63. h7 a5+ 64. Kc3 Re3+ 65. Kd4 Rd3+ 66. Kc5 1-0

[Event "83rd ch-UKR 2014"]
[Site "Lviv UKR"]
[Date "2014.11.22"]
[Round "11.2"]
[White "Kuzubov, Yuriy"]
[Black "Ponomariov, Ruslan"]
[Result "1-0"]
[WhiteTitle "GM"]
[BlackTitle "GM"]
[WhiteElo "2661"]
[BlackElo "2711"]
[WhiteFideId "14112906"]
[BlackFideId "14103320"]
[EventDate "2014.11.11"]

1. e4 c5 2. Nf3 e6 3. g3 Nc6 4. Bg2 Nf6 5. d3 d5 6. Nbd2 Be7 7. O-O b6 8. Re1
Bb7 9. c3 Qc7 10. e5 Nd7 11. Nf1 d4 12. Qe2 dxc3 13. bxc3 b5 14. d4 cxd4 15.
cxd4 O-O 16. Ne3 b4 17. d5 Ncxe5 18. Nxe5 Nxe5 19. Bb2 Bf6 20. Rac1 Qb8 21. Nd1
Nd7 22. dxe6 fxe6 23. Qxe6+ Rf7 24. Rc6 Nb6 25. Bxf6 gxf6 26. Rd6 Bxg2 27. Kxg2
Qc8 28. Qe4 Qc4 29. Qf3 Qxa2 30. Ne3 Kh8 31. Re2 Qa1 32. Nf5 Raf8 33. Nh6 Rc7
34. Rde6 f5 35. Re8 Qg7 36. Nxf5 Rf7 37. g4 Qf6 38. R2e6 Rxe8 39. Rxf6 Rxf6 40.
Qf4 Kg8 41. Qxb4 Ref8 42. Ne7+ Kg7 43. Qd4 h6 44. f4 Kh7 45. Kg3 R8f7 46. Qd8
Rf8 47. Qd3+ Kg7 48. Qd4 Kf7 49. Qe4 Kg7 50. h4 R8f7 51. g5 hxg5 52. hxg5 Rxf4
53. Qe5+ 1-0

[Event "83rd ch-UKR 2014"]
[Site "Lviv UKR"]
[Date "2014.11.22"]
[Round "11.3"]
[White "Korobov, Anton"]
[Black "Ivanchuk, Vassily"]
[Result "1/2-1/2"]
[WhiteTitle "GM"]
[BlackTitle "GM"]
[WhiteElo "2680"]
[BlackElo "2726"]
[WhiteFideId "14105730"]
[BlackFideId "14100010"]
[EventDate "2014.11.11"]

1. d4 Nf6 2. c4 e6 3. Nf3 b6 4. g3 Ba6 5. b3 Bb4+ 6. Bd2 Be7 7. Bg2 c6 8. Bc3 d5
9. Nbd2 Nbd7 10. Qc2 c5 11. dxc5 bxc5 12. Ne5 d4 13. Nxd7 Nxd7 14. Ba5 Qc8 15.
Bxa8 Qxa8 16. f3 O-O 17. O-O-O Bb7 18. Rhf1 f5 19. g4 Qb8 20. gxf5 exf5 21. b4
Bg5 22. Kb1 Bc6 23. Nb3 Ba4 24. Kb2 Qb7 25. f4 Be7 26. Rd3 Re8 27. Qd2 Bf6 28.
Ka3 Qa6 29. Rc1 cxb4+ 30. Bxb4 Bxb3+ 31. Kxb3 Rb8 32. a3 Nc5+ 33. Ka2 Ne4 34.
Qb2 Nc3+ 35. Bxc3 Qxc4+ 36. Ka1 Rxb2 37. Bxb2 Qe6 38. Bxd4 Qxe2 39. Rcd1 Bxd4+
40. Rxd4 Qxh2 41. Rd8+ Kf7 42. R8d7+ Kg8 43. Rd8+ Kf7 44. R8d7+ Kg8 1/2-1/2

[Event "83rd ch-UKR 2014"]
[Site "Lviv UKR"]
[Date "2014.11.22"]
[Round "11.4"]
[White "Kryvoruchko, Yuriy"]
[Black "Kovchan, Alexander"]
[Result "1/2-1/2"]
[WhiteTitle "GM"]
[BlackTitle "GM"]
[WhiteElo "2706"]
[BlackElo "2585"]
[WhiteFideId "14109182"]
[BlackFideId "14103052"]
[EventDate "2014.11.11"]

1. e4 d5 2. exd5 Qxd5 3. Nc3 Qd6 4. d4 g6 5. Nf3 Bg7 6. Nb5 Qb6 7. Na3 c5 8. Nc4
Qd8 9. dxc5 Qxd1+ 10. Kxd1 Nd7 11. Be3 Nh6 12. c3 Ng4 13. Kc2 Nxe3+ 14. Nxe3
Nxc5 15. Bb5+ Bd7 16. Bxd7+ Nxd7 17. Rad1 O-O-O 18. b4 Ne5 19. Nxe5 Bxe5 20. a4
h5 21. h3 Rxd1 22. Rxd1 Rd8 23. Re1 Bf6 24. Nc4 Rd7 25. Re4 Rc7 26. a5 Kb8 27.
f4 b5 28. axb6 axb6 29. Ne5 Bxe5 30. fxe5 Rc6 31. Kd3 f6 32. exf6 exf6 33. c4
Rd6+ 34. Rd4 Re6 35. Re4 Rd6+ 36. Kc3 g5 37. Re7 h4 38. Rf7 Kc8 39. b5 Kd8 40.
c5 bxc5 41. Kc4 Kc8 42. Kxc5 Rd2 43. Rxf6 Rxg2 44. Kb6 Rg3 45. Rg6 Rxh3 46. Rxg5
Rh1 47. Rg8+ Kd7 48. Kb7 Ke6 49. b6 Kf5 50. Kb8 Rb1 51. b7 h3 52. Rh8 Kg4 53.
Kc7 Kg3 54. Rxh3+ Kxh3 55. b8=Q Rxb8 56. Kxb8 1/2-1/2

[Event "83rd ch-UKR 2014"]
[Site "Lviv UKR"]
[Date "2014.11.22"]
[Round "11.5"]
[White "Areshchenko, Alexander"]
[Black "Zubarev, Alexander1"]
[Result "1-0"]
[WhiteTitle "GM"]
[BlackTitle "GM"]
[WhiteElo "2655"]
[BlackElo "2588"]
[WhiteFideId "14109530"]
[BlackFideId "14104385"]
[EventDate "2014.11.11"]

1. e4 c5 2. Nf3 e6 3. d4 cxd4 4. Nxd4 Nc6 5. Nc3 Qc7 6. Be2 Nf6 7. Be3 a6 8. O-O
Bb4 9. Na4 Be7 10. Nxc6 bxc6 11. Nb6 Rb8 12. Nxc8 Qxc8 13. Bd4 c5 14. Be5 Rb6
15. b3 O-O 16. Qd3 d6 17. Bb2 Nd7 18. Rad1 Bf6 19. Bc1 Rd8 20. Qg3 Qa8 21. f3
Be5 22. Qh3 d5 23. exd5 exd5 24. f4 Bd4+ 25. Kh1 Re6 26. Bd3 Rh6 27. Qf3 Rd6 28.
Rde1 Qc8 29. Bf5 Qc6 30. c3 Bf6 31. Re2 c4 32. bxc4 Qxc4 33. Ba3 Nc5 34. Qe3 Ne4
35. Bxe4 Re6 36. Bd3 Qa4 37. Qc1 1-0

[Event "83rd ch-UKR 2014"]
[Site "Lviv UKR"]
[Date "2014.11.22"]
[Round "11.6"]
[White "Bogdanovich, Stanislav"]
[Black "Moiseenko, Alexander"]
[Result "1-0"]
[WhiteTitle "IM"]
[BlackTitle "GM"]
[WhiteElo "2590"]
[BlackElo "2701"]
[WhiteFideId "14115298"]
[BlackFideId "14102560"]
[EventDate "2014.11.11"]

1. Nf3 Nf6 2. g3 b5 3. Na3 a6 4. c4 e6 5. Bg2 Bxa3 6. bxa3 Bb7 7. Rb1 Bc6 8. Qc2
O-O 9. d3 d6 10. O-O e5 11. Bg5 h6 12. Bxf6 Qxf6 13. Rfc1 Rc8 14. Qc3 Nd7 15.
cxb5 Bxb5 16. a4 Bxa4 17. Qa5 Nb6 18. Nd2 d5 19. Rxb6 cxb6 20. Rxc8+ Rxc8 21.
Qxa4 b5 22. Qb3 Rc1+ 23. Nf1 d4 24. Qd5 Rc2 25. Bf3 g6 26. g4 Qe6 27. Qb7 Kg7
28. Ng3 Rxa2 29. Bd5 Ra1+ 30. Kg2 Qf6 31. Ne4 Qf4 32. h3 Re1 33. Nc5 Qf6 34. Ne4
Qf4 35. Ng3 Qf6 36. Qd7 b4 37. Ne4 Qf4 38. Nd6 h5 39. Nf5+ gxf5 40. Qxf7+ Kh6
41. Qf6+ Kh7 42. g5 1-0